ESKİCİ VE OĞULLARI (Record no. 753334)

MARC details
000 -LEADER
sabit uzunluktaki kontrol alanı 00245nam a2200097Ia 4500
001 - KONTROL NUMARASI
kontrol alanı 753334
005 - EN SON İŞLEMİN TARİH VE ZAMANI
kontrol alanı 20250826164720.0
008 - SABİT-UZUNLUKTA VERİ ÖĞELERİ--GENEL BİLGİ
sabit uzunluktaki kontrol alanı 250824s9999 xx 000 0 und d
245 #0 - ESER / YAZAR
ESER ADI ESKİCİ VE OĞULLARI
Yazar Adı ŞEVKET RADO
260 ## - YAYIN, DAĞITIM, VB.
YAYIN EVİ BİLĞE YAYINLARI
Holdings
Düşüm durumu Kayıp durumu Hasar Durumu Ödünç verilmez Ana kütüphane Geçerli Kütüphane Edinilen tarih Toplam ödünç verme sayısı Barkod Son görüntüleme tarihi Fiyatın geçerli olmaya başladığı tarih Koha materyal türü
        NENE HATUN İMAM HATİP ORTAOKULU NENE HATUN İMAM HATİP ORTAOKULU 24.08.2025   10251390 26.08.2025 26.08.2025 Books